Vyhráva biele víno

Vývoj na trhu s alkoholom počas pandémie. Konzumácia alkoholických nápojov sa kvôli spoločenskej izolácii presunula do domovov. Väčší dôraz sa kládol na výhodnú cenu pri výbere. Preferencie spotrebiteľa pri kúpe vín.

Gespeichert in:
Bibliographische Detailangaben
1. Verfasser: Ondrušová, Miroslava
Format: Buchkapitel
Sprache:Slowakisch
Schlagworte:
Tags: Tag hinzufügen
Keine Tags, Fügen Sie das erste Tag hinzu!

MARC

LEADER 00000naa a2200000 4500
001 0276521
005 20210622123348.2
041 0 |a slo 
044 |a CZ 
245 1 0 |a Vyhráva biele víno  |c Miroslava Ondrušová 
520 |a Vývoj na trhu s alkoholom počas pandémie. Konzumácia alkoholických nápojov sa kvôli spoločenskej izolácii presunula do domovov. Väčší dôraz sa kládol na výhodnú cenu pri výbere. Preferencie spotrebiteľa pri kúpe vín. 
610 2 0 |a víno 
610 2 0 |a nápoje alkoholické 
610 2 0 |a spotreba 
610 2 0 |a preferencie spotrebiteľské 
100 1 |a Ondrušová, Miroslava